00719nam a22001577a 4500003000900000008004100009040007100050082001700121100002800138245006100166260005700227300002800284505020100312650002300513650002500536AR-CdUCM190313b ||||| |||| 00| 0 spa d aMUNICIPALIDAD PROVINCIAL DEL CUSCOcBIBLIOTECA MUNICIPAL DEL CUSCO a869.5 /bJ53 aJiménez Borja, José aCien años de literatura y otros estudios críticos /  aLima :bTalleres graficos de P. Barrantes C.,c1940. a106 páginas ;c18 cm. aContenido: Cien años de literatura -- Juan de Arona y la peruanidad -- Sobre dos limeños, en el Centenario de Lima / Felipe Pardo, Manuel Atanasio Fuentes -- Elogio de Luis Benjamín Cisneros aLiteratura peruana aHistoria y crítica